000 00452nam a2200181Ia 4500
001 925
005 20260306140554.0
008 260306t1992||||xx |||||||||||||| ||spa||
041 _aESP
082 _a174.4
_bB84
100 _aBrown, Marvin T.
_eAUT
245 0 _aLa ética en la empresa:
_bestrategias para la toma de decisiones
260 _c1992
300 _a277 páginas :
_c23 cm.
650 _aGEN
654 _aCHU
942 _cLIB
_dJUS
_fJUS
_2ddc
_n
999 _c925
_d925